000 00820nam a2200265 a 4500
001 11755
003 BD-RjUL
005 20211208235158.0
008 161210s1977 enka b 001 0 eng
020 _a0470990988
035 _a(BD-RjUL)11804
040 _aDLC
_cDLC
_dDLC
_dBD-RjUL
_beng
041 _aeng
082 0 0 _a572.566
_bREP 1977
_223
100 1 _aRees, David A.
_936396
245 1 0 _aPolysaccharide shapes /
_cD. A. Rees.
260 _aLondon :
_bChapman and Hall ;
_aNew York :
_bWiley : distributed in the U.S.A. by Halsted Press,
_c1977.
300 _a80 p. :
_bill. ;
_c22 cm.
490 0 _aOutline studies in biology
500 _a"A Halsted Press book."
504 _aIncludes bibliographical references and index.
650 0 _aPolysaccharides.
_936397
942 _2ddc
_cBK
999 _c11755
_d11755